O código das águas (Registo nº 200883)

Detalhes MARC
000 -Etiqueta do registo
Valores 00685nam 22002173 4500
100 ## - Dados gerais de processamento
Dados gerais 20260302d u||y0pory50 ba
200 ## - Titulo e menção de responsabilidade
Título próprio O código das águas
Primeira menção de responsabilidade Lindof Bell
Outras menções de responsabilidade Desenhos de Vera Rodrigues
205 ## - Menção da edição
Edição
210 ## - Publicação
Local de publicação São Paulo
Nome do editor Massao Ohno
-- Roswitha Kempf
Data de publicação 1980
215 ## - Descrição física 
Paginação / Volumes 63 p.
Outras indicações físicas il. ; brochado
Dimensões 23 cm
225 ## - Colecção 
Título próprio da colecção Navio Pirata
317 ## - Nota de proveniência
Texto da nota . - Oferta com dedicatória do escritor ao Prof. Dr. Almeida Faria
606 ## - Nome comum usado como assunto
ID Autoridade 9
Palavra de ordem Literatura Brasileira
675 ## - CDU
Notação 821.134.3(81)-1
Edição PT
Língua por
700 ## - Autor principal (pessoa individual)
ID Autoridade 16575
Apelido Bell
Nome Lindolf
Datas 1938-1998
702 ## - Autor secundário (pessoa individual)
ID Autoridade 11936
Apelido Rodrigues
Nome Vera
801 ## - Fonte de origem
País PT
Agência BMMN
Regras de catalogação RPC
830 ## - Notas gerais do catalogador
Criado por Ana
Indexado por Ana
990 ## - Elementos KOHA
Tipo de documento Livro

Não há exemplares disponíveis.

Powered by Koha